A watertight solution (Record no. 77597)
[ view plain ]
| 000 -LEADER | |
|---|---|
| fixed length control field | 00785cab a2200193 4500 |
| 001 - CONTROL NUMBER | |
| control field | ##L134626 |
| 008 - FIXED-LENGTH DATA ELEMENTS--GENERAL INFORMATION | |
| fixed length control field | 060821n2006 000 0 eng u |
| 035 ## - SYSTEM CONTROL NUMBER | |
| System control number | (Sirsi) u134626 |
| 041 0# - LANGUAGE CODE | |
| Language code of text/sound track or separate title | eng |
| 100 1# - MAIN ENTRY--PERSONAL NAME | |
| Personal name | Rushton, Trevor |
| 245 02 - TITLE STATEMENT | |
| Title | A watertight solution |
| 260 ## - PUBLICATION, DISTRIBUTION, ETC. | |
| Date of publication, distribution, etc. | 2006 |
| 490 #0 - SERIES STATEMENT | |
| Series statement | RICS Building Surveying Faculty The Journal |
| Volume/sequential designation | July 2006, 14-15(2) |
| 520 ## - SUMMARY, ETC. | |
| Summary, etc. | Looks at the various liquid waterproofing systems for flat roofs, particularly hot-and cold-applied membranes, examines some of the design and health and safety issues to be considered when selecting materials, and potential problems with the two systems. |
| 590 ## - LOCAL NOTE (RLIN) | |
| Local note | IKA220806 |
| 651 #4 - SUBJECT ADDED ENTRY--GEOGRAPHIC NAME | |
| Geographic name | International |
| 690 ## - LOCAL SUBJECT ADDED ENTRY--TOPICAL TERM (OCLC, RLIN) | |
| Topical term or geographic name as entry element | BUILT ENVIRONMENT-BUILDING ELEMENTS-COMPLETE BUILDING ELEMENTS-ROOFS |
| 942 ## - ADDED ENTRY ELEMENTS (KOHA) | |
| Suppress in OPAC | 0 |
| Withdrawn status | Lost status | Source of classification or shelving scheme | Damaged status | Not for loan | Home library | Current library | Shelving location | Date acquired | Total Checkouts | Full call number | Barcode | Date last seen | Copy number | Price effective from | Koha item type |
|---|---|---|---|---|---|---|---|---|---|---|---|---|---|---|---|
| Dewey Decimal Classification | London | London | Journal article | 21/08/2006 | L134626 | 134626-1001 | 06/08/2019 | 1 | 06/08/2019 | Journal article |